000 00255nam a22001097a 4500
082 _a300
100 _aVision IAS
_981517
245 _aGeneral Studidies Nots Society-1 32/22
260 _aDelhi
_bVision IAS
_c2022
650 _aSocial Science
942 _cBK
999 _c65551
_d65551